000 00231nam a2200097Ia 4500
008 170627s9999 xx 000 0 und d
100 _aBALASUBRAMANIAN-N
245 0 _aCORPORATE GOVERNANCE AND STEWARDSHIP
260 _bTMH
260 _c2010
546 _aENGLISH
999 _c35817
_d35817